main parts of a nephron - Statistics

General Stats
  • This quiz has been taken 6 times
  • The average score is 7 of 8
Answers on the Map
Answers color-coded by a green-red scale on the quiz's map according to % correct below.
 
Answer Stats
Answer % Correct
bowman's capsule
100%
collecting duct
100%
glomerulus
100%
loop of Henle
100%
proximal convoluted tubule
100%
ascending loop of henle
67%
distal convoluted tubule
67%
descending loop of henle
33%
No matching quizzes found
Score Distribution
Percent of People with Each Score
Percentile by Number Answered
Your Score History
You have not taken this quiz